000 00645nam a22002297a 4500
003 UA-OsUOA
001 26844
007 ta
008 20040610b un ||||| |||| 00| 0 ukr d
090 _a655.11
942 _cBK
040 _aUA-OsUOA
_brus
_cUA-OsUOA
_dUA-OsUOA
245 _a400 лет русского книгопечатания. 1564-1964
_bКнигоиздательство в СССР. 1917-1964
_cРед. А.И.Назаров
300 _a584 с.
_bІлюстрації
955 _a0
041 _arus
080 _a655.11
260 _aМосква
_bНаука
_c1964
044 _aRU
650 7 _2UDC
999 _c313178
_d313178